|
|
|
|
| LEADER |
01047nam a2200253 4500 |
| 001 |
c000008902 |
| 003 |
CARM |
| 005 |
00000000000000.0 |
| 008 |
671102s1967 xx a 10000 eng d |
| 010 |
|
|
|a 67-26429/SC
|
| 019 |
1 |
|
|a 4609516
|z 12425609
|5 LACONCORD2021
|
| 035 |
|
|
|a (OCoLC)12721533
|5 LACONCORD2021
|
| 040 |
|
|
|a DNLM
|c DNLM
|
| 060 |
0 |
|
|a W3
|b C161 no.27 1967
|
| 245 |
0 |
4 |
|a The Human adrenal cortex: its function throughout life;
|b in honour of Professor Dr. h. c. F. Verzar. Edited by G. E. W. Wolstenholme and Ruth Porter.
|
| 260 |
|
|
|a London,
|b Churchill,
|c 1967.
|
| 300 |
|
|
|a 146 p.
|b ill.
|
| 440 |
|
0 |
|a Ciba Foundation Study Group (Series) ;
|v no. 27
|
| 650 |
|
2 |
|a Adrenal glands
|x Congresses.
|
| 700 |
1 |
|
|a Verzar, F.
|q (Frigyes),
|d 1886-
|
| 700 |
1 |
|
|a Wolstenholme, G. E. W.
|q (Gordon Ethelbert Ward)
|
| 852 |
8 |
|
|b CARM
|h A2:AB04G0
|i A00004
|p 0003841
|f BK
|
| 999 |
f |
f |
|i 01d99884-511e-575c-88c5-ca37aa07fe0f
|s ff2c97d6-6a75-54b8-b74f-184c62b0e1bb
|
| 952 |
f |
f |
|p Can circulate
|a CAVAL
|b CAVAL
|c CAVAL
|d CARM 1 Store
|e A00004
|f A2:AB04G0
|h Other scheme
|i book
|m 0003841
|